| 000 | 00736nam a2200253 a 4500 | ||
|---|---|---|---|
| 001 | BRCA_8193 | ||
| 005 | 20190320210154.0 | ||
| 008 | 120514m19571958u--####f##---#001-0#eng-# | ||
| 041 | _aeng | ||
| 044 | _au | ||
| 050 | 4 |
_aHG4507 _b.F64 _c1957 |
|
| 245 | 1 | 0 |
_aForeign dollar bonds _b1957 _cWhite, Weld & Co. |
| 250 | _a21 | ||
| 260 |
_aNueva York _bWhite, Weld & Co. _c28 cm. |
||
| 300 |
_a144 p. _c28 cm. |
||
| 500 | _aDos volúmenes (1957, 1958) inventariados como un solo libro | ||
| 500 | _aVer también H104 (1937) y P16 (1953) | ||
| 500 | _aU19 | ||
| 650 | 1 | 4 |
_aBonos financieros _zEstados Unidos _914797 |
| 650 | 1 | 4 |
_aDólares _zEstados Unidos _920421 |
| 710 | 2 |
_aWhite, Weld & Co. _917969 |
|
| 902 | _aGFM | ||
| 942 |
_2lcc _cB |
||
| 999 |
_c7861 _d7861 |
||